Vibraciones mecánicas

Збережено в:
Бібліографічні деталі
Автори: Roca Vila, Raclus (Автор), León L., Juan (Автор)
Формат: Книга
Мова:Іспанська
Опубліковано: Ciudad de México Limusa 1981
Серія:Colección Ciencias del Ingeniero
Предмети:
Теги: Додати тег
Немає тегів, Будьте першим, хто поставить тег для цього запису!

MARC

LEADER 00000nam a2200000 a 4500
001 UCT7229
003 CL-VaPUC
008 970117e19810000MX |||||||||||||||||spa|d
082 0 4 |a 531.32  |b ROC  |2 21 
100 0 |a Roca Vila, Raclus  |e author  |9 378114 
700 0 |a León L., Juan  |e author  |9 378115 
245 1 0 |a Vibraciones mecánicas 
300 |a 399 p 
942 |c BK 
945 |d 19970117 00:00:00  |a rbrito 
260 |a Ciudad de México  |b Limusa  |c 1981 
650 0 |a Oscilaciones   |9 344730 
650 0 |a Movimiento  |9 322237 
650 0 |a Física   |9 227844 
650 0 |a Amortiguación  |9 378116 
650 0 |a Propiedades mecánicas   |9 262507 
650 7 |a FLEXIBILIDAD  |2 CL-VaPUC  |9 378117 
583 |a last modification  |c 19970117 00:00:00  |k Rodrigo Vera 
490 0 |a Colección Ciencias del Ingeniero 
999 |c 255885  |d 255883 
952 |0 0  |1 0  |4 0  |6 531_320000000000000_ROC_1981  |7 0  |8 A  |9 278348  |a BIBMEC  |b BIBMEC  |d 2019-11-19  |i 3282430  |o 531.32 ROC 1981  |p 3282430  |r 2024-01-19  |w 2019-11-19  |y BK  |k MEC